| 000 | 00335nam a2200121Ia 4500 | ||
|---|---|---|---|
| 008 | 190722s9999 xx 000 0 und d | ||
| 020 | _a978-93-3255998-1 | ||
| 100 | _aNorman M.Scarborough | ||
| 245 | 0 | _aEssentials of Entrepreneurship and small and Business Management | |
| 260 |
_aIndia _bPearson _c2016 |
||
| 300 | _a704 | ||
| 942 | _cBK | ||
| 999 |
_c773 _d773 |
||